Algebra : curso teórico-práctico / (Registro nro. 56)
[ vista simple ]
| 000 -LEADER | |
|---|---|
| fixed length control field | 01156nam a2200241Ia 4500 |
| 003 - CONTROL NUMBER IDENTIFIER | |
| control field | PE SENCICO BE |
| 005 - DATE AND TIME OF LATEST TRANSACTION | |
| control field | 20251020182424.0 |
| 008 - FIXED-LENGTH DATA ELEMENTS--GENERAL INFORMATION | |
| fixed length control field | 200515s9999 xx 000 0 und d |
| 040 ## - CATALOGING SOURCE | |
| Original cataloging agency | PE SENCICO BE |
| Transcribing agency | PE SENCICO BE |
| 041 ## - LANGUAGE CODE | |
| Language code of text/sound track or separate title | spa |
| 082 ## - DEWEY DECIMAL CLASSIFICATION NUMBER | |
| Classification number | 512 |
| Item number | V68 1985 |
| 100 1# - MAIN ENTRY--PERSONAL NAME | |
| Personal name | Villón Béjar, Máximo |
| 9 (RLIN) | 990 |
| Relator term | autor |
| 245 10 - TITLE STATEMENT | |
| Title | Algebra : curso teórico-práctico / |
| Statement of responsibility, etc. | Máximo Villón Bejar |
| 250 ## - EDITION STATEMENT | |
| Edition statement | 9a ed. |
| 260 ## - PUBLICATION, DISTRIBUTION, ETC. | |
| Place of publication, distribution, etc. | Lima : |
| Name of publisher, distributor, etc. | Villon ; |
| Date of publication, distribution, etc. | 1985 |
| 300 ## - PHYSICAL DESCRIPTION | |
| Extent | 2 tomos : |
| Dimensions | 20 cm. |
| 505 0# - FORMATTED CONTENTS NOTE | |
| Formatted contents note | Tomo 1: Operaciones con binomios -- Operaciones con polinomios -- Factorización -- Máximo común divisor y mínimo común múltiplo -- Fracciones algebraicas -- Factorial de un número -- Teoría combinatoria o análisis combinatorio -- Radicación -- Cálculo del verdadero valor de las formas indeterminadas -- Número complejos -- Tomo 2: Determinantes -- Ecuaciones -- Inecuaciones -- Progresiones -- Logaritmos -- Desigualdades exponenciales y logaritmicas -- Interés compuesto -- Anualidades |
| 650 10 - SUBJECT ADDED ENTRY--TOPICAL TERM | |
| Topical term or geographic name entry element | Álgebra |
| 9 (RLIN) | 2097 |
| 650 20 - SUBJECT ADDED ENTRY--TOPICAL TERM | |
| Topical term or geographic name entry element | Matemáticas |
| 9 (RLIN) | 2106 |
| 650 20 - SUBJECT ADDED ENTRY--TOPICAL TERM | |
| Topical term or geographic name entry element | Ecuaciones |
| 9 (RLIN) | 578 |
| 650 20 - SUBJECT ADDED ENTRY--TOPICAL TERM | |
| Topical term or geographic name entry element | Determinantes |
| 9 (RLIN) | 2142 |
| 942 ## - ADDED ENTRY ELEMENTS (KOHA) | |
| Koha item type | Libros |
| Source of classification or shelving scheme | Dewey Decimal Classification |
| Fecha de la última vez que lo usaron | Número de ingreso o de inventario | Pago total | Signatura topográfica completa | Código de barras | Precio efectivo desde | Tipo de documento | Estado perdido | Sistema de clasificación | Estado dañado | No es para préstamo | Retirado | Ubicación permanente | Ubicación actual | Fecha de adquisición |
|---|---|---|---|---|---|---|---|---|---|---|---|---|---|---|
| 15/05/2020 | 12507 | 512/V68/1985/t. 1 | BibLima24040086 | 15/05/2020 | Libros | Dewey Decimal Classification | Biblioteca Central Lima | Biblioteca Central Lima | 15/05/2020 | |||||
| 15/05/2020 | 12509 | 512/V68/1985/t. 1/ej. 2 | BibLima24040087 | 15/05/2020 | Libros | Dewey Decimal Classification | Biblioteca Central Lima | Biblioteca Central Lima | 15/05/2020 | |||||
| 15/05/2020 | 12508 | 512/V68/1985/t. 1/ej. 3 | BibLima24040088 | 15/05/2020 | Libros | Dewey Decimal Classification | Biblioteca Central Lima | Biblioteca Central Lima | 15/05/2020 | |||||
| 23/04/2024 | 12512 | 512/V68/1985/t. 2 | BibLima24040089 | 23/04/2024 | Libros | Dewey Decimal Classification | Biblioteca Central Lima | Biblioteca Central Lima | 23/04/2024 | |||||
| 23/04/2024 | 12511 | 512/V68/1985/t. 2/ej. 2 | BibLima24040090 | 23/04/2024 | Libros | Dewey Decimal Classification | Biblioteca Central Lima | Biblioteca Central Lima | 23/04/2024 | |||||
| 23/04/2024 | 12510 | 512/V68/1985/t. 2/ej. 3 | BibLima24040091 | 23/04/2024 | Libros | Dewey Decimal Classification | Biblioteca Central Lima | Biblioteca Central Lima | 23/04/2024 |